Estimating and costing in civil engineering: Theory and practice (Record no. 31464)

MARC details
000 -LEADER
fixed length control field 00355nam a2200133Ia 4500
082 ## - DEWEY DECIMAL CLASSIFICATION NUMBER
Classification number 624
Item number DUT
100 ## - MAIN ENTRY--AUTHOR NAME
Personal name Dutta, B N
245 #0 - TITLE STATEMENT
Title Estimating and costing in civil engineering: Theory and practice
250 ## - EDITION STATEMENT
Edition statement Ed.15
260 ## - PUBLICATION, DISTRIBUTION, ETC. (IMPRINT)
Place of publication Lucknow
Name of publisher S Dutta
Year of publication 1959
650 ## - SUBJECT ADDED ENTRY--TOPICAL TERM
Topical Term Civil engineering
942 ## - ADDED ENTRY ELEMENTS (KOHA)
Koha item type Books
Holdings
Withdrawn status Lost status Damaged status Not for loan Home library Current library Date acquired Cost, normal purchase price Full call number Accession Number Koha item type
        RRII Library RRII Library 16/12/2021 37.00 624 DUT 12009 Books